000 00622nam a22002531c 4500
001 a987673622
008 141125s2001 gw |||| 000u rus d
020 _a5875501049
_95-87550-104-9
041 _arus
100 1 _aLitošenko, Lev. N.
245 0 0 _aSocializacija zemli v Rossii
264 _aNovosibirsk :
_bSibirskij chronograf,
_c2001
600 0 _aLitošenko, Lev N.
600 0 _a
648 0 _a1900-1917
650 0 _aAgrarpolitik
650 0 _aLandwirtschaft
651 0 _aRussland
651 0 _aSowjetunion
655 0 _aBiographie
942 _cMG
040 _cRU-10907106
003 RU-10907106
999 _c36975
_d36975